K poňatiu, meraniu a globálnej regulácii procesu globalizácie vo svetovej ekonomike

Internacionalizácia verzus globalizácia. Chápanie ekonomickej globalizácie a interpretácia jej vzťahu k procesu internacionalizácie a integrácie. Vymedzenie procesu internacionalizácie.

Guardado en:
Detalles Bibliográficos
Autor principal: Outrata, Richard
Formato: Capítulo de libro
Lenguaje:eslovaco
Materias:
Etiquetas: Agregar Etiqueta
Sin Etiquetas, Sea el primero en etiquetar este registro!

MARC

LEADER 00000naa$a2200000$$$4500
001 0093225
005 20231121105300.3
041 0 |a slo 
044 |a CZ 
245 1 0 |a K poňatiu, meraniu a globálnej regulácii procesu globalizácie vo svetovej ekonomike  |c Richard Outrata 
520 |a Internacionalizácia verzus globalizácia. Chápanie ekonomickej globalizácie a interpretácia jej vzťahu k procesu internacionalizácie a integrácie. Vymedzenie procesu internacionalizácie. 
610 2 0 |a hospodárstvo otvorené 
610 2 0 |a globalizácia 
610 2 0 |a globalizácia hospodárstva 
610 2 0 |a internacionalizácia 
610 2 0 |a integrácia ekonomická 
610 2 0 |a vzťahy medzinárodné 
100 1 |a Outrata, Richard